[Event "HSG Open"]
[Site "Hilversum NED"]
[Date "2010.06.26"]
[Round "1"]
[White "Henseler,J"]
[Black "Nijboer,F"]
[Result "0-1"]
[WhiteElo "2073"]
[BlackElo "2567"]
[EventDate "2010.06.26"]

1. c4 g6 2. d4 Nf6 3. Nc3 Bg7 4. e4 d6 5. Nf3 O-O 6. Be2 Na6 7. O-O e5 8.
d5 Nc5 9. Qc2 a5 10. Rb1 Ne8 11. Ne1 f5 12. f3 Nf6 13. Be3 fxe4 14. fxe4
Nfxe4 15. Rxf8+ Qxf8 16. Nxe4 Nxe4 17. Bd3 Nf6 18. Qd2 Ng4 19. Nf3 Bf5 20.
Bxf5 gxf5 21. Ng5 Bh6 0-1

[Event "HSG Open"]
[Site "Hilversum NED"]
[Date "2010.06.26"]
[Round "1"]
[White "Koudinov,D"]
[Black "Nyzhnyk,I"]
[Result "0-1"]
[WhiteElo "2063"]
[BlackElo "2544"]
[EventDate "2010.06.26"]

1. d4 Nf6 2. c4 e6 3. Nc3 Bb4 4. Bg5 O-O 5. e3 d6 6. Bd3 Nbd7 7. Nge2 h6 8.
Bh4 d5 9. O-O Be7 10. Rc1 c6 11. Qc2 a6 12. Rfd1 b5 13. cxd5 cxd5 14. a3
Bb7 15. Na2 Rc8 16. Qb3 Nb6 17. Bg3 Qd7 18. Nec3 Nc4 19. Be2 Na5 20. Qc2
Ne4 21. Bf3 Nxg3 22. hxg3 Nc4 23. Qe2 a5 24. Nb1 g6 25. Rc2 Ba6 26. b4 Bb7
27. Qd3 Ra8 28. Qb3 Ra6 29. Be2 Rfa8 30. Bxc4 dxc4 31. Qb2 Be4 32. Rc3 Qa7
33. f3 Bd3 34. bxa5 Rxa5 35. Nb4 Bxb4 36. Qxb4 Ra4 37. Qd6 Qa5 38. Rcc1
Bxb1 39. Rxb1 Rxa3 40. e4 c3 41. Qc6 Qa6 42. Qxa6 R8xa6 43. Rdc1 R6a5 44.
Kf2 Ra2+ 45. Ke3 R5a3 46. Rxb5 Rxg2 47. d5 c2+ 48. Kd4 exd5 49. exd5 Rxf3
50. d6 Rd2+ 51. Ke4 Rfd3 52. Rxc2 Rxd6 53. Rc3 Rf2 54. Ke3 Rdf6 55. Rb8+
Kg7 56. Rcc8 R6f3+ 57. Ke4 Rxg3 58. Rg8+ Kf6 59. Rb6+ Kg5 60. Rb5+ f5+ 61.
Kd4 Rd2+ 62. Kc4 Rgd3 0-1

[Event "HSG Open"]
[Site "Hilversum NED"]
[Date "2010.06.26"]
[Round "1"]
[White "Lalith,B"]
[Black "Kampman,T"]
[Result "1-0"]
[WhiteElo "2493"]
[BlackElo "2058"]
[EventDate "2010.06.26"]

1. Nf3 b6 2. c4 Bb7 3. d4 e6 4. g3 f5 5. Bg2 Nf6 6. O-O Be7 7. Nc3 Ne4 8.
d5 Nxc3 9. bxc3 O-O 10. Qc2 Bd6 11. Nd4 Qf6 12. e4 Na6 13. Nb5 Nc5 14. exf5
exd5 15. cxd5 Ba6 16. a4 Bxb5 17. axb5 Qxf5 18. Qd1 a5 19. bxa6 Rxa6 20.
Be3 Rxa1 21. Qxa1 Ne4 22. Qc1 Nc5 23. Rd1 Be5 24. c4 Bd6 25. Qc3 Qg4 26.
Re1 Re8 27. Bxc5 Rxe1+ 28. Qxe1 Bxc5 29. Qe8+ Bf8 30. Be4 g6 31. h3 Qd1+
32. Kg2 Qd4 33. Bf3 d6 34. Bg4 Qf6 35. Be6+ Kg7 36. h4 Qe7 37. Qc8 Kh6 38.
f4 Bg7 39. Kh3 Bd4 40. g4 Bf6 41. g5+ 1-0

[Event "HSG Open"]
[Site "Hilversum NED"]
[Date "2010.06.26"]
[Round "1"]
[White "Zimmermann,L"]
[Black "Slingerland,F"]
[Result "0-1"]
[WhiteElo "2057"]
[BlackElo "2397"]
[EventDate "2010.06.26"]

1. e4 c5 2. c3 Nf6 3. e5 Nd5 4. d4 cxd4 5. Nf3 Nc6 6. Bc4 Nb6 7. Bb3 d5 8.
exd6 Qxd6 9. O-O Be6 10. Bxe6 Qxe6 11. Nxd4 Nxd4 12. Qxd4 Rd8 13. Qh4 Qe2
14. Nd2 g6 15. a4 a5 16. Qf4 Bg7 17. Qc7 Nd5 18. Qxb7 O-O 19. Nf3 Nxc3 20.
Re1 Rd1 21. Be3 Rxa1 22. Rxa1 Nxa4 23. h3 Qxb2 24. Qxb2 Nxb2 25. Rxa5 Nc4
26. Ra2 Nxe3 27. fxe3 Rb8 28. Kf2 f5 29. g4 fxg4 30. hxg4 h6 31. Ra4 Bf6
32. Nd4 Kf7 33. Kf3 Rb1 34. Ne2 Rb3 35. Re4 Ra3 36. Rc4 Be5 37. Nf4 Bd6 38.
Ne2 Bb8 39. Nc3 Ra1 40. Ne4 Be5 41. Rc5 Bg7 42. Rc4 Ra3 43. Ng3 Bf6 44. Ne4
Be5 45. Rb4 Bf6 46. Nxf6 Kxf6 47. Rb5 Ra1 48. Rc5 Rg1 49. Ra5 e5 50. Ra4
Kg5 51. Re4 Kh4 52. Rxe5 Rg3+ 53. Kf2 Rxg4 54. e4 Rf4+ 55. Ke3 Rf8 56. Ra5
Kg4 57. Ra1 Rf3+ 58. Kd4 g5 59. Rg1+ Kh5 60. e5 Kg6 61. Re1 Kf7 62. Rh1 Kg6
63. Re1 Rf8 64. Kd5 Rd8+ 65. Ke6 g4 66. Ke7 Ra8 67. e6 h5 68. Kd7 h4 69. e7
h3 70. Rc1 Rh8 71. Rc8 Rh7 72. Rg8+ Kf5 0-1

[Event "HSG Open"]
[Site "Hilversum NED"]
[Date "2010.06.27"]
[Round "2"]
[White "De Rover,YH"]
[Black "Landa,K"]
[Result "0-1"]
[WhiteElo "2245"]
[BlackElo "2655"]
[EventDate "2010.06.26"]

1. d4 Nf6 2. c4 e6 3. g3 d5 4. Nf3 dxc4 5. Bg2 a6 6. Ne5 Bb4+ 7. Nc3 Nd5 8.
Bd2 Nb6 9. e3 N8d7 10. Nxd7 Qxd7 11. O-O O-O 12. Ne4 Qe7 13. Qc2 a5 14. Bc3
Bd7 15. Bxb4 axb4 16. Nc5 Bc6 17. Bxc6 bxc6 18. a4 Ra5 19. Qd2 Rfa8 20.
Qxb4 Rxa4 21. Rxa4 Rxa4 22. Qc3 Ra8 23. Ne4 Qd7 24. Nd2 Qd5 25. Rc1 Ra4 26.
b3 cxb3 27. Qxb3 Ra2 28. Nc4 Re2 29. Qd1 Qf3 30. Qf1 Nxc4 31. Rxc4 Rd2 32.
Rc1 g5 33. h3 h5 34. Qg2 Rd1+ 35. Rxd1 Qxd1+ 36. Kh2 Qc2 37. Qf3 Kg7 38.
Kg2 Kg6 39. e4 c5 40. g4 hxg4 41. hxg4 cxd4 42. e5 f5 43. exf6 Kf7 0-1

[Event "HSG Open"]
[Site "Hilversum NED"]
[Date "2010.06.27"]
[Round "2"]
[White "Nijboer,F"]
[Black "De Jongh,Adriaan"]
[Result "1/2-1/2"]
[WhiteElo "2567"]
[BlackElo "2227"]
[EventDate "2010.06.26"]

1. e4 e5 2. Nf3 Nc6 3. Bb5 a6 4. Ba4 Nf6 5. O-O Be7 6. Re1 b5 7. Bb3 O-O 8.
d4 d6 9. c3 Bg4 10. d5 Na5 11. Bc2 c6 12. h3 Bc8 13. dxc6 Qc7 14. Nbd2 Qxc6
15. Nf1 Nc4 16. a4 Re8 17. Ng3 Be6 18. Ng5 Bd7 19. Qe2 h6 20. Nf3 Be6 21.
Nh4 d5 22. Nhf5 Bf8 23. Qf3 Bxf5 24. exd5 Qxd5 25. Qxd5 Nxd5 26. Nxf5 Rab8
27. axb5 axb5 28. Bd3 g6 29. Ng3 f5 30. Ra6 Rb6 31. Rxb6 Ndxb6 32. Nf1 e4
33. Be2 Rd8 34. b3 Nd6 35. Rd1 Rc8 36. Bxh6 Be7 37. Be3 Rc6 38. Bd4 Nd5 39.
Ne3 Nxe3 40. fxe3 Kf7 41. b4 Ra6 42. Rd2 Ke6 43. g3 Ra3 44. Kf2 g5 45. Rc2
Bf6 46. Bxf6 Kxf6 47. h4 gxh4 48. gxh4 Ke5 49. h5 f4 50. h6 Ra7 51. exf4+
Kxf4 52. c4 1/2-1/2

[Event "HSG Open"]
[Site "Hilversum NED"]
[Date "2010.06.27"]
[Round "2"]
[White "Vogel,Ja"]
[Black "Steingrimsson,H"]
[Result "0-1"]
[WhiteElo "2210"]
[BlackElo "2550"]
[EventDate "2010.06.26"]

1. Nf3 c5 2. g3 g6 3. c3 b6 4. Bg2 Bb7 5. O-O Bg7 6. d4 Nf6 7. Bg5 O-O 8.
Qc1 d6 9. Bh6 Nbd7 10. Bxg7 Kxg7 11. Nbd2 e5 12. dxe5 dxe5 13. Qc2 Qc7 14.
Nh4 b5 15. a4 a6 16. Ra3 c4 17. Rfa1 Bxg2 18. Nxg2 Rab8 19. axb5 axb5 20.
Ne3 Rfc8 21. Ra7 Qc6 22. R7a6 Rb6 23. Ra7 Nc5 24. Nf3 Re8 25. Rd1 Rb7 26.
Rxb7 Qxb7 27. h4 Qc6 28. Qd2 Nce4 29. Qc2 Qc5 30. Nh2 Nxg3 31. Nhg4 Ngh5
32. Qd2 0-1

[Event "HSG Open"]
[Site "Hilversum NED"]
[Date "2010.06.27"]
[Round "2"]
[White "Nyzhnyk,I"]
[Black "Nagtegaal,K"]
[Result "1-0"]
[WhiteElo "2544"]
[BlackElo "2200"]
[EventDate "2010.06.26"]

1. d4 f5 2. Nc3 Nf6 3. Bg5 d5 4. Bxf6 exf6 5. e3 Be6 6. Bd3 Qd7 7. Qf3 Nc6
8. a3 O-O-O 9. Nge2 Ne7 10. h4 h5 11. O-O-O Kb8 12. Kb1 g6 13. Nf4 Bf7 14.
g3 Nc8 15. Qg2 c6 16. f3 Nd6 17. Rhe1 Bh6 18. e4 fxe4 19. fxe4 dxe4 20.
Nxe4 Nxe4 21. Bxe4 f5 22. Bf3 Rhe8 23. Rxe8 Qxe8 24. Qf2 Qd7 25. Bg2 Qd6
26. c3 Bxf4 27. gxf4 Qe6 28. d5 Qf6 29. c4 b6 30. Qf3 cxd5 31. cxd5 Qd6 32.
Qe3 Re8 33. Qd4 Qc5 34. Qf6 Qe7 35. Qxe7 Rxe7 36. d6 Rd7 37. Bc6 Rd8 38. b4
a6 39. a4 Be6 40. b5 axb5 41. axb5 Kc8 42. Kb2 Kb8 43. Kc3 Kc8 44. Rg1 Rxd6
45. Rxg6 Kc7 46. Rg7+ Kd8 47. Rb7 Bc8 48. Rh7 Rd1 49. Rxh5 Rf1 50. Kd4
Rxf4+ 51. Ke5 Rg4 52. Rh8+ Kc7 53. h5 f4 54. h6 Rh4 55. Be4 Bd7 56. h7 f3
57. Rf8 Bxb5 58. Rxf3 Bc6 59. Rf7+ 1-0

[Event "HSG Open"]
[Site "Hilversum NED"]
[Date "2010.06.27"]
[Round "2"]
[White "Galje,H"]
[Black "Lalith,B"]
[Result "0-1"]
[WhiteElo "2133"]
[BlackElo "2493"]
[EventDate "2010.06.26"]

1. d4 Nf6 2. c4 e6 3. Nf3 b6 4. a3 Bb7 5. Nc3 d5 6. cxd5 Nxd5 7. Qc2 Nxc3
8. bxc3 Nd7 9. e4 c5 10. Bd3 Qc7 11. Qb1 h6 12. O-O Bd6 13. a4 O-O 14. e5
Be7 15. Be4 Rac8 16. Ba3 Rfe8 17. Rc1 Bc6 18. Bxc6 Qxc6 19. Qb5 Qb7 20. Qe2
cxd4 21. Bxe7 d3 22. Qxd3 Rxe7 23. Qe3 Rc5 24. a5 bxa5 25. Ra4 Qc7 26. Rg4
Kh8 27. Re4 Re8 28. h4 Nb6 29. Nd4 Nd5 30. Qg3 Rxc3 31. Rxc3 Qxc3 32. Qg4
Rb8 33. Qh5 f5 34. Nxf5 exf5 35. Qxf5 Qc2 36. Qf3 Nc3 37. Re1 Qd2 38. Rf1
Re8 39. e6 Ne2+ 40. Kh1 Nd4 0-1

[Event "HSG Open"]
[Site "Hilversum NED"]
[Date "2010.06.27"]
[Round "2"]
[White "Slingerland,F"]
[Black "Van Apeldoorn,J"]
[Result "1-0"]
[WhiteElo "2397"]
[BlackElo "2156"]
[EventDate "2010.06.26"]

1. e4 c5 2. Nf3 Nc6 3. d4 cxd4 4. Nxd4 Nf6 5. Nc3 e5 6. Ndb5 d6 7. Bg5 a6
8. Na3 b5 9. Bxf6 gxf6 10. Nd5 f5 11. c3 Bg7 12. Bd3 Be6 13. Qh5 O-O 14.
exf5 Bxd5 15. f6 e4 16. fxg7 Re8 17. Be2 Re5 18. Qh6 b4 19. Nc2 bxc3 20.
bxc3 Be6 21. O-O Qg5 22. Qxg5 Rxg5 23. Rfd1 Rc5 24. Rxd6 Rxc3 25. Ne3 Nb4
26. a4 Nc2 27. Nxc2 Rxc2 28. Re1 Bc4 29. Bg4 Rb8 30. h4 Rbb2 31. Rxe4 Rxf2
32. Bf3 Rf1+ 33. Kh2 Kxg7 34. Rxc4 Rxf3 35. Rxa6 h5 36. Ra5 Rff2 37. Rg5+
Kf8 38. a5 Ra2 39. Rcc5 f6 40. Rcf5 Kf7 41. Rxf2 Rxf2 42. Rxh5 Ra2 43. Rb5
Kg6 44. h5+ Kh6 45. Kh3 Ra4 46. Rf5 Kg7 47. g4 Ra1 48. g5 fxg5 49. Rxg5+
Kh7 50. Kg4 Ra4+ 51. Kf3 Kh6 52. Rf5 Kh7 53. Ke3 Kh6 54. Kd3 Kh7 55. Kc3
Kh6 56. Kb3 Ra1 57. Kb4 Kh7 58. Kb5 Rb1+ 59. Kc6 Rc1+ 60. Kb6 Rb1+ 61. Rb5
Rf1 62. a6 Rf6+ 63. Ka5 Rf1 64. a7 1-0

[Event "HSG Open"]
[Site "Hilversum NED"]
[Date "2010.06.27"]
[Round "2"]
[White "Afek,Y"]
[Black "Van den Bergh,J"]
[Result "1-0"]
[WhiteElo "2282"]
[BlackElo "2124"]
[EventDate "2010.06.26"]

1. c4 Nf6 2. Nc3 g6 3. g3 Bg7 4. Bg2 O-O 5. Nf3 Nc6 6. O-O a6 7. Rb1 Rb8 8.
b4 b5 9. cxb5 axb5 10. a4 Na7 11. d3 c6 12. a5 Ba6 13. d4 d6 14. e4 Nd7 15.
Qd3 e6 16. Rd1 Qc7 17. Be3 Rfe8 18. Rbc1 Rbc8 19. h4 h5 20. Qd2 Qb8 21. Bh3
Rcd8 22. Bg5 Bf6 23. Bxf6 Nxf6 24. Qh6 e5 25. Ng5 Bc8 26. Bxc8 Nxc8 27. d5
c5 28. bxc5 dxc5 29. Ne6 fxe6 30. Qxg6+ Kh8 31. Qxf6+ Kh7 32. dxe6 Qc7 33.
Qf5+ 1-0

[Event "HSG Open"]
[Site "Hilversum NED"]
[Date "2010.06.27"]
[Round "2"]
[White "De Visser,A"]
[Black "Goudriaan,E"]
[Result "1/2-1/2"]
[WhiteElo "1883"]
[BlackElo "2249"]
[EventDate "2010.06.26"]

1. b4 c6 2. c4 Nf6 3. Bb2 e6 4. a3 a5 5. b5 d5 6. e3 Nbd7 7. d3 Bd6 8. Nd2
cxb5 9. cxb5 b6 10. Ngf3 Bb7 11. d4 Ne4 12. Be2 Rc8 13. Rc1 Rxc1 14. Qxc1
Qb8 15. h3 O-O 16. Nxe4 dxe4 17. Nd2 Rc8 18. Qb1 Qc7 19. Nxe4 Bxe4 20. Qxe4
Qc2 21. Bd3 Qxb2 22. Qxh7+ Kf8 23. Qh8+ Ke7 24. Qxc8 Qa1+ 25. Ke2 Qxh1 26.
Be4 Qa1 27. Bc6 Qa2+ 28. Kf3 Nf8 29. g4 g5 30. h4 Qc2 31. Qe8+ Kf6 32. Qd8+
Kg7 33. Qxd6 Qd1+ 34. Kg3 gxh4+ 35. Kxh4 Qg1 36. Qg3 Qf1 37. Qf3 Qg1 38.
Qg3 Ng6+ 39. Kh3 Qf1+ 40. Qg2 Qd3 41. Be4 Qxb5 42. Bxg6 Kxg6 43. Qe4+ Kg7
44. a4 Qxa4 45. Qe5+ Kf8 46. Qd6+ Ke8 47. Qb8+ Ke7 48. Qb7+ Qd7 49. Qxb6 a4
50. Qc5+ Ke8 51. Qb4 Qa7 52. Qa3 f6 53. Qd6 Kf7 54. d5 exd5 55. Qxd5+ Kg7
56. g5 a3 57. gxf6+ Kxf6 58. Qd6+ Kf7 59. Qd5+ Ke7 60. Qe5+ Kd8 61. Qh8+
Kc7 62. Qg7+ Kb8 63. Qf8+ Kb7 64. Qe7+ Kb6 65. Qd6+ Kb5 66. Qd3+ Kb4 67.
Qd2+ Kc4 68. Qc2+ 1/2-1/2

[Event "HSG Open"]
[Site "Hilversum NED"]
[Date "2010.06.27"]
[Round "2"]
[White "Van de Groep,W"]
[Black "Schroer,M"]
[Result "1/2-1/2"]
[WhiteElo "1970"]
[BlackElo "2105"]
[EventDate "2010.06.26"]

1. e4 c6 2. d4 d5 3. f3 dxe4 4. fxe4 e5 5. Nf3 Bg4 6. Bc4 Nd7 7. O-O Ngf6
8. Bg5 Qb6 9. Nbd2 Bd6 10. Kh1 O-O 11. Qe1 Bxf3 12. Nxf3 Rae8 13. Nh4 exd4
14. Bxf6 Nxf6 15. Rxf6 gxf6 16. Nf5 Bf4 17. Qh4 Bg5 18. Qg4 Qxb2 19. Rd1
Qxc2 20. Bd3 Qf2 21. Rf1 Qd2 22. Qg3 Kh8 23. h4 Bh6 24. Qf3 Rg8 25. Rf2
Qc1+ 26. Rf1 Qd2 27. Rf2 Qc1+ 28. Rf1 1/2-1/2

[Event "HSG Open"]
[Site "Hilversum NED"]
[Date "2010.06.27"]
[Round "2"]
[White "Abma,K"]
[Black "Henseler,J"]
[Result "1/2-1/2"]
[WhiteElo "1981"]
[BlackElo "2073"]
[EventDate "2010.06.26"]

1. d4 d5 2. Nf3 Nf6 3. e3 Bg4 4. c4 c6 5. Qb3 Qb6 6. Ne5 Bf5 7. Nc3 e6 8.
c5 Qc7 9. Qd1 Nbd7 10. g4 Nxe5 11. gxf5 Ned7 12. fxe6 fxe6 13. f4 O-O-O 14.
b4 h6 15. h4 g6 16. a4 Be7 17. Bd2 g5 18. b5 Kb8 19. a5 Bxc5 20. dxc5 Nxc5
21. b6 Qd6 22. bxa7+ Kxa7 23. a6 b6 24. Na4 Nxa4 25. Rxa4 gxf4 26. Rxf4 e5
27. Rf2 d4 28. e4 Nxe4 29. Rf7+ Rd7 30. Rxd7+ Qxd7 31. Bh3 1/2-1/2

[Event "HSG Open"]
[Site "Hilversum NED"]
[Date "2010.06.27"]
[Round "2"]
[White "Kampman,T"]
[Black "Lasschuit,R"]
[Result "1-0"]
[WhiteElo "2058"]
[BlackElo "1917"]
[EventDate "2010.06.26"]

1. e4 e6 2. d3 d5 3. Nd2 Nf6 4. Ngf3 c5 5. g3 Nc6 6. Bg2 b6 7. O-O Bb7 8.
Re1 Be7 9. c3 O-O 10. e5 Nd7 11. Nf1 Qc7 12. Qe2 a6 13. h4 b5 14. N1h2 d4
15. h5 Kh8 16. Ng4 Rg8 17. Ng5 Nd8 18. Be4 h6 19. Bxb7 Qxb7 20. Ne4 Nc6 21.
Bf4 dxc3 22. bxc3 Nb6 23. Qf3 Nd5 24. Bxh6 gxh6 25. Nxh6 Nxe5 26. Nxf7+
Nxf7 27. Qxf7 Raf8 28. Qxe6 Nf6 29. Re3 Nxe4 30. Qh6+ 1-0

[Event "HSG Open"]
[Site "Hilversum NED"]
[Date "2010.06.27"]
[Round "2"]
[White "Bloem,M"]
[Black "Zimmermann,L"]
[Result "0-1"]
[WhiteElo "1905"]
[BlackElo "2057"]
[EventDate "2010.06.26"]

1. e4 c5 2. Nf3 d6 3. d4 cxd4 4. Nxd4 Nf6 5. Nc3 a6 6. Bg5 e6 7. Qd2 Be7 8.
f4 b5 9. Bd3 Bb7 10. Qe2 h6 11. Nxe6 fxe6 12. e5 hxg5 13. Bg6+ Kd7 14. f5
dxe5 15. O-O-O+ Bd6 16. Rxd6+ Kxd6 17. Rd1+ Bd5 18. fxe6 Nc6 19. Nxd5 Nxd5
20. Qd3 Nce7 21. Be4 Kxe6 22. Qf3 Rh4 23. g4 Rh6 24. Bf5+ Kd6 25. Be4 Kc5
26. Qf2+ Kc6 27. b4 Qd6 28. Qd2 Rd8 29. Qc3+ Kb6 30. Qa3 Rxh2 31. c4 bxc4
32. Qa5+ Kb7 33. b5 Qb6 34. bxa6+ Ka7 35. Qa3 c3 36. Qb3 Qxb3 37. axb3 Kxa6
38. Rd3 Rd2 0-1

[Event "HSG Open"]
[Site "Hilversum NED"]
[Date "2010.06.27"]
[Round "2"]
[White "Van der Kooij,P"]
[Black "Tulfer,P"]
[Result "1-0"]
[WhiteElo "2054"]
[BlackElo "1901"]
[EventDate "2010.06.26"]

1. d4 Nf6 2. Nf3 e6 3. Bg5 h6 4. Bxf6 Qxf6 5. e4 d6 6. Nbd2 Nd7 7. Bd3 g6
8. O-O Bg7 9. c3 O-O 10. Re1 e5 11. Nc4 c6 12. Bc2 Rd8 13. Qe2 b6 14. Rad1
Ba6 15. Bd3 Bb7 16. Qc2 Rab8 17. Bf1 b5 18. Na5 Ba8 19. b4 Nb6 20. a3 Bf8
21. Rd2 Rd7 22. Red1 Rbd8 23. c4 bxc4 24. dxe5 dxe5 25. Rxd7 Rxd7 26. Rxd7
Nxd7 27. Nxc4 Bg7 28. Nfd2 Nb6 29. Na5 Qd8 30. Ndb3 Qd6 31. Be2 h5 32. h3
Bh6 33. Bf3 Kg7 34. g3 f6 35. h4 Kf7 36. Kg2 Ke7 37. Nc5 Nd7 38. Nxd7 Qxd7
39. Nb3 Qd6 40. Nc5 Bf8 41. Qc4 Bh6 42. Qg8 Qd2 43. Qxa8 Be3 44. Qxa7+ Ke8
45. Qd7+ Qxd7 46. Nxd7 Bd4 47. Nc5 1-0

[Event "HSG Open"]
[Site "Hilversum NED"]
[Date "2010.06.28"]
[Round "3"]
[White "Landa,K"]
[Black "Slingerland,F"]
[Result "1/2-1/2"]
[WhiteElo "2655"]
[BlackElo "2397"]
[EventDate "2010.06.26"]

1. Nf3 d5 2. c4 dxc4 3. Qa4+ c6 4. Qxc4 Nf6 5. d4 Bf5 6. g3 e6 7. Bg2 Nbd7
8. O-O Nb6 9. Qb3 Qd5 10. Nbd2 Be7 11. e3 Ne4 12. Qd1 Qb5 13. a4 Qb4 14.
Ne5 Nxd2 15. Bxd2 Qxb2 16. a5 f6 17. Nxc6 Nc4 18. Nxe7 Kxe7 19. Be1 Rad8
20. Qc1 Bd3 21. Qxb2 Nxb2 22. Bb4+ Kd7 23. Rfc1 Ba6 24. Rc3 Rc8 25. Rb3 Nd3
26. Ba3 Rc2 27. Be4 Rd2 28. Bb4 Rb2 29. Rxb2 Nxb2 30. Bc5 f5 31. Bf3 Nd3
32. Bxa7 Ra8 33. Bc5 Rc8 34. Rb1 Nxc5 35. dxc5 Rc7 36. h4 e5 37. Bd5 g6 38.
Rc1 Bb5 39. f3 Bc6 40. e4 Rc8 41. Rd1 Ra8 42. Bxc6+ Kxc6 43. Rd6+ Kxc5 44.
Rd5+ Kb4 45. exf5 gxf5 46. Rxe5 Rxa5 47. Re7 b5 48. Rxh7 Kc4 49. Kf2 b4 50.
Rc7+ Kd3 51. Rd7+ Kc3 52. Ke3 Re5+ 53. Kf4 Rb5 54. h5 b3 55. h6 b2 56. Rd1
b1=Q 57. Rxb1 Rxb1 58. Kxf5 Rb5+ 59. Kg6 Rb6+ 60. Kg5 Rb5+ 61. Kg4 Rb6 62.
Kh5 Rb5+ 63. Kg6 Rb6+ 64. Kg7 Rb7+ 65. Kg6 Rb6+ 1/2-1/2

[Event "HSG Open"]
[Site "Hilversum NED"]
[Date "2010.06.28"]
[Round "3"]
[White "Steingrimsson,H"]
[Black "Afek,Y"]
[Result "1-0"]
[WhiteElo "2550"]
[BlackElo "2282"]
[EventDate "2010.06.26"]

1. c4 c5 2. Nf3 Nf6 3. Nc3 g6 4. e4 Nc6 5. d4 cxd4 6. Nxd4 Bg7 7. Be3 O-O
8. Be2 d6 9. O-O Bd7 10. Qd2 a6 11. f3 Rb8 12. Rfd1 b5 13. cxb5 Nxd4 14.
Bxd4 axb5 15. a3 Ne8 16. Nd5 Be6 17. Nb4 Qd7 18. Rac1 Bb3 19. Re1 f5 20.
Nc6 Rb7 21. Bxg7 Nxg7 22. Na5 Bf7 23. Nxb7 Qxb7 24. Bf1 fxe4 25. Rxe4 Nf5
26. Rb4 Be8 27. Bd3 d5 28. Bxf5 Rxf5 29. Rf4 Re5 30. Re1 Qb6+ 31. Kh1 Rxe1+
32. Qxe1 Qd6 33. Qd2 e5 34. Re4 Bc6 35. f4 exf4 36. Rxf4 Qe5 37. Qb4 Qe8
38. h3 Bd7 39. Qd6 Be6 40. Qe5 Qc8 41. Rf6 Bf5 42. Rb6 Qc4 43. Kh2 1-0

[Event "HSG Open"]
[Site "Hilversum NED"]
[Date "2010.06.28"]
[Round "3"]
[White "Lalith,B"]
[Black "Nyzhnyk,I"]
[Result "1-0"]
[WhiteElo "2493"]
[BlackElo "2544"]
[EventDate "2010.06.26"]

1. Nf3 d5 2. d4 Nf6 3. c4 dxc4 4. e3 e6 5. Bxc4 c5 6. O-O a6 7. a4 Nc6 8.
Qe2 cxd4 9. Rd1 Be7 10. exd4 O-O 11. Nc3 Nb4 12. Ne5 Nfd5 13. Bb3 Bd7 14.
Qg4 Nf6 15. Qg3 Kh8 16. d5 exd5 17. Nxd5 Nbxd5 18. Bxd5 Be8 19. Bf3 Qb6 20.
Be3 Qb3 21. Bd4 Rd8 22. Ng4 Nxg4 23. Qxg4 f6 24. Qe4 Rd7 25. Bc3 Bg6 26.
Qe3 Rfd8 27. Rxd7 Rxd7 28. a5 Bf8 29. h4 Qb5 30. Re1 h5 31. Rd1 Bc5 32. Qc1
Kh7 33. Rxd7 Qxd7 34. Qd2 Qe7 35. Qd5 b6 36. axb6 Bxb6 37. Bxh5 Be4 38. Qc4
Qb7 39. Be2 f5 40. Bd3 Bxd3 41. Qxd3 Qc8 42. h5 Qe6 43. Qg3 Qf7 44. Qg5 Bc5
45. Bxg7 1-0

[Event "HSG Open"]
[Site "Hilversum NED"]
[Date "2010.06.28"]
[Round "3"]
[White "Schroer,M"]
[Black "Nijboer,F"]
[Result "0-1"]
[WhiteElo "2105"]
[BlackElo "2567"]
[EventDate "2010.06.26"]

1. e4 c5 2. Nf3 e6 3. d4 cxd4 4. Nxd4 a6 5. Nc3 b5 6. Be3 Bb7 7. f3 Nf6 8.
Be2 d6 9. O-O Be7 10. Qe1 O-O 11. a4 b4 12. Nd1 a5 13. Nf2 Nbd7 14. Nd3 Rc8
15. Qf2 Re8 16. Rad1 Bf8 17. Rd2 e5 18. Nf5 d5 19. Qg3 Kh8 20. exd5 Nxd5
21. Bf2 g6 22. Nh4 Bh6 23. Rfd1 Qf6 24. Qh3 Bxd2 25. Rxd2 Rc7 0-1

[Event "HSG Open"]
[Site "Hilversum NED"]
[Date "2010.06.28"]
[Round "3"]
[White "Mostertman,L"]
[Black "Piasetski,L"]
[Result "0-1"]
[WhiteElo "2090"]
[BlackElo "2301"]
[EventDate "2010.06.26"]

1. d4 g6 2. e4 Bg7 3. c3 d6 4. Bc4 Nf6 5. f3 d5 6. Bd3 dxe4 7. fxe4 e5 8.
Ne2 Nc6 9. d5 Ne7 10. c4 c6 11. Nbc3 O-O 12. h3 Ne8 13. g4 cxd5 14. cxd5 f5
15. gxf5 gxf5 16. Ng3 f4 17. Nh5 Bh6 18. Be2 Kh8 19. Bg4 Rg8 20. Bd2 Nc6
21. dxc6 Qh4+ 22. Ke2 Rxg4 23. hxg4 Bxg4+ 24. Kd3 Qd8+ 25. Kc2 Bxd1+ 26.
Raxd1 Qc8 27. cxb7 Qxb7 28. Nd5 Qa6 29. Bc3 Kg8 30. Kb1 Kf7 31. Bxe5 Qe6
32. Bxf4 Qxe4+ 33. Ka1 Bxf4 34. Nhxf4 Kg8 35. Rde1 Qc2 36. Reg1+ Kh8 37.
Ne7 Nf6 38. Re1 Qc4 0-1

[Event "HSG Open"]
[Site "Hilversum NED"]
[Date "2010.06.28"]
[Round "3"]
[White "Van Engen,H"]
[Black "Ten Have,R"]
[Result "0-1"]
[WhiteElo "2161"]
[BlackElo "1654"]
[EventDate "2010.06.26"]

1. d4 f5 2. g3 Nf6 3. Bg2 g6 4. Nh3 Bg7 5. Nf4 O-O 6. h4 d6 7. d5 Qe8 8. h5
g5 9. h6 Bh8 10. Ne6 Bxe6 11. dxe6 Ne4 12. Bxe4 fxe4 13. Qd5 Qg6 14. Qxb7
Qf5 15. O-O Be5 16. Nc3 Bxg3 17. Nxe4 Bh4 18. Nxg5 Bxg5 19. Qg2 Kh8 20.
Bxg5 Rg8 21. f4 Na6 22. e4 Qxe6 23. b3 Nc5 24. Rae1 Qg6 25. Kh1 e5 26. Rg1
exf4 27. Qf3 Rae8 28. Bxf4 Qf6 29. Rg4 Rxg4 30. Qxg4 Rg8 31. Qh3 Qxf4 0-1

[Event "HSG Open"]
[Site "Hilversum NED"]
[Date "2010.06.28"]
[Round "3"]
[White "Kampman,T"]
[Black "De Rover,YH"]
[Result "0-1"]
[WhiteElo "2058"]
[BlackElo "2245"]
[EventDate "2010.06.26"]

1. e4 c6 2. c4 d5 3. cxd5 cxd5 4. exd5 Nf6 5. Bb5+ Nbd7 6. Nc3 a6 7. Be2
Nb6 8. d4 Nbxd5 9. Qb3 e6 10. Nf3 Be7 11. O-O b5 12. Bd2 O-O 13. Rac1 Bb7
14. a3 Qb6 15. Be3 Bd6 16. Rfd1 Rad8 17. Bg5 Bf4 18. Bxf6 Nxf6 19. Rc2 Nd5
20. Ne1 Bd6 21. Nxd5 Bxd5 22. Qe3 Be7 23. Bf3 Bf6 24. Bxd5 Rxd5 25. Nf3 e5
26. Rcd2 exd4 27. Nxd4 Rfd8 28. Nb3 Qxe3 29. fxe3 Rxd2 30. Rxd2 Rxd2 31.
Nxd2 Bxb2 32. Nb1 a5 33. Kf2 a4 34. Ke2 b4 35. Kd3 bxa3 36. Kc2 a2 37. Kxb2
axb1=Q+ 38. Kxb1 f5 39. Kb2 Kf7 0-1

[Event "HSG Open"]
[Site "Hilversum NED"]
[Date "2010.06.28"]
[Round "3"]
[White "Nagtegaal,K"]
[Black "Van der Kooij,P"]
[Result "1-0"]
[WhiteElo "2200"]
[BlackElo "2054"]
[EventDate "2010.06.26"]

1. e4 c5 2. Nf3 e6 3. d4 cxd4 4. Nxd4 a6 5. Bd3 Nf6 6. O-O Qc7 7. Nc3 Nc6
8. Nxc6 dxc6 9. a4 a5 10. f4 e5 11. Kh1 Bd6 12. f5 h5 13. Qe2 Bc5 14. Nd1
Qe7 15. Bg5 Bd7 16. g3 Qd6 17. Ne3 Qc7 18. Nc4 Ng4 19. h3 b5 20. hxg4 hxg4+
21. Kg2 bxc4 22. Bxc4 f6 23. Be3 Qb6 24. Ra3 Bxe3 25. Rxe3 Ke7 26. Rb3 Qa7
27. Qf2 Qd4 28. Qxd4 exd4 29. Rf4 Rh6 30. Rxg4 g5 31. e5 fxe5 32. Rb7 Kd6
33. Rxg5 Rf8 34. Bd3 Bc8 35. Ra7 Rhf6 36. g4 Kd5 37. Rxa5+ c5 38. b4 1-0

[Event "HSG Open"]
[Site "Hilversum NED"]
[Date "2010.06.28"]
[Round "3"]
[White "Van den Bergh,J"]
[Black "Van den Bergh,B"]
[Result "1-0"]
[WhiteElo "2124"]
[BlackElo "2008"]
[EventDate "2010.06.26"]

1. Nf3 Nf6 2. d4 g6 3. c4 Bg7 4. g3 O-O 5. Bg2 d6 6. O-O Nc6 7. Nc3 a5 8.
b3 Nd7 9. Bb2 e5 10. dxe5 dxe5 11. Qd2 Nd4 12. Rad1 c6 13. Ne1 f5 14. e3
Ne6 15. Na4 g5 16. f4 gxf4 17. exf4 exf4 18. Bxg7 Kxg7 19. Nc2 Qf6 20. Ne3
Ndc5 21. Nb6 Ra6 22. Nxc8 Rxc8 23. Bh3 Rd8 24. Nxf5+ Kh8 25. gxf4 h6 26.
Qe3 1-0

[Event "HSG Open"]
[Site "Hilversum NED"]
[Date "2010.06.28"]
[Round "3"]
[White "Burton,G"]
[Black "Abma,K"]
[Result "1/2-1/2"]
[WhiteElo "2083"]
[BlackElo "1981"]
[EventDate "2010.06.26"]

1. e4 e6 2. d4 d5 3. e5 c5 4. c3 Nc6 5. Nf3 Bd7 6. Be2 Nh6 7. O-O cxd4 8.
cxd4 Nf5 9. Nc3 Be7 10. g4 Nh4 11. Nxh4 Bxh4 12. Be3 f6 13. f4 O-O 14. exf6
Bxf6 15. Qd2 g6 16. Rac1 Rc8 17. Bf3 Kh8 1/2-1/2

[Event "HSG Open"]
[Site "Hilversum NED"]
[Date "2010.06.28"]
[Round "3"]
[White "Van Apeldoorn,J"]
[Black "Vogel,Ja"]
[Result "1/2-1/2"]
[WhiteElo "2156"]
[BlackElo "2210"]
[EventDate "2010.06.26"]

1. e4 e6 2. d4 d5 3. Nd2 Nf6 4. e5 Nfd7 5. Bd3 c5 6. c3 Nc6 7. Ndf3 a5 8.
Ne2 cxd4 9. cxd4 Nb6 10. a3 a4 11. Bc2 Bd7 12. O-O Na5 13. Re1 Be7 14. Rb1
Nac4 15. Nf4 Bc6 16. Nh5 g6 17. Nf4 Nd7 1/2-1/2